Bases pedagógicas de la educación física infantil: educación de la motricidad y educación por medio de la motricidad
Guardado en:
| Autores principales: | , |
|---|---|
| Otros Autores: | |
| Formato: | Libro |
| Lenguaje: | español |
| Publicado: |
Valparaíso
Ediciones Universitarias de Valparaíso
2015
|
| Edición: | 1a. ed |
| Materias: | |
| Etiquetas: |
Agregar Etiqueta
Sin Etiquetas, Sea el primero en etiquetar este registro!
|
MARC
| LEADER | 00000cam a2200000 a 4500 | ||
|---|---|---|---|
| 001 | UCD2581 | ||
| 003 | CL-VaPUC | ||
| 008 | 160428e20150000cl |||||||||||||||||spa|d | ||
| 020 | |a 9789561706330 | ||
| 082 | 0 | 4 | |a 372.86 |b GAM |2 21 |
| 100 | |a Gamboa Jiménez, Rodrigo |e author |9 772457 | ||
| 700 | |a Jiménez Alvarado, Gladys Antonia |e autor |9 753242 | ||
| 700 | 0 | |a Cacciuttolo Juárez, Carola |e author |9 585950 | |
| 245 | 1 | 0 | |a Bases pedagógicas de la educación física infantil: educación de la motricidad y educación por medio de la motricidad |
| 250 | |a 1a. ed | ||
| 300 | |a 98 p | ||
| 942 | |c BK | ||
| 945 | |d 20160428 21:50:00 |a arojas | ||
| 260 | |a Valparaíso |b Ediciones Universitarias de Valparaíso |c 2015 | ||
| 650 | 0 | |a Educación física |9 240893 | |
| 650 | 7 | |a MOTRICIDAD |2 CL-VaPUC |9 307419 | |
| 650 | 7 | |a MOTRICIDAD DEPORTIVA |2 CL-VaPUC |9 557323 | |
| 650 | 0 | |a Pedagogía |9 255351 | |
| 583 | |a last modification |c 20160428 21:50:00 |k Rodrigo Vera | ||
| 999 | |c 363735 |d 363733 | ||
| 952 | |0 0 |1 0 |3 erb |4 0 |6 372_860000000000000_GAM_2015 |7 0 |8 X |9 476402 |a FDOBUD |b FDOBUD |i 5302706 |o 372.86 GAM 2015 |p 5302706 |r 2019-11-24 |w 2019-11-24 |y BK_X |z Catalogado en:20160428 |k FHP | ||
| 952 | |0 0 |1 0 |3 erb |4 0 |6 372_860000000000000_GAM_2015 |7 0 |8 A |9 476403 |a BIBEDU |b BIBEDU |i 5366364 |o 372.86 GAM 2015 |p 5366364 |r 2019-11-24 |w 2019-11-24 |y BK |z Catalogado en:20170317 |k EFI | ||
| 952 | |0 0 |1 0 |3 erb |4 0 |6 372_860000000000000_GAM_2015 |7 0 |8 A |9 476404 |a BIBEDU |b BIBEDU |i 5464773 |l 1 |o 372.86 GAM 2015 |p 5464773 |q 2023-05-30 |r 2023-05-23 |s 2023-05-23 |w 2019-11-24 |y BK |z Catalogado en:20180413 |k EDI | ||
| 952 | |0 0 |1 0 |3 erb |4 0 |6 372_860000000000000_GAM_2015 |7 0 |8 A |9 476405 |a BIBEDU |b BIBEDU |i 5464765 |o 372.86 GAM 2015 |p 5464765 |r 2019-11-24 |w 2019-11-24 |y BK |z Catalogado en:20180413 |k EDI | ||
| 952 | |0 0 |1 0 |3 erb |4 0 |6 372_860000000000000_GAM_2015 |7 0 |8 A |9 476406 |a BIBEDU |b BIBEDU |i 5464757 |l 2 |o 372.86 GAM 2015 |p 5464757 |r 2023-05-30 |s 2023-05-25 |w 2019-11-24 |y BK |z Catalogado en:20180413 |k EDI | ||
| 952 | |0 0 |1 0 |3 erb |4 0 |6 372_860000000000000_GAM_2015 |7 0 |8 A |9 476407 |a BIBEDU |b BIBEDU |i 5464749 |l 1 |o 372.86 GAM 2015 |p 5464749 |r 2023-06-08 |s 2023-05-23 |w 2019-11-24 |y BK |z Catalogado en:20180413 |k EDI | ||
| 952 | |0 0 |1 0 |3 erb |4 0 |6 372_860000000000000_GAM_2015 |7 0 |8 A |9 476408 |a BIBEDU |b BIBEDU |i 5464730 |l 1 |o 372.86 GAM 2015 |p 5464730 |r 2023-03-24 |s 2023-03-16 |w 2019-11-24 |y BK |z Catalogado en:20180413 |k EDI | ||
| 952 | |0 0 |1 0 |3 erb |4 0 |6 372_860000000000000_GAM_2015 |7 0 |8 A |9 476409 |a BIBEDU |b BIBEDU |i 5464722 |l 1 |o 372.86 GAM 2015 |p 5464722 |r 2023-05-30 |s 2023-05-25 |w 2019-11-24 |y BK |z Catalogado en:20180413 |k EDI | ||
| 952 | |0 0 |1 0 |3 erb |4 0 |6 372_860000000000000_GAM_2015 |7 0 |8 A |9 476410 |a BIBEDU |b BIBEDU |i 5464714 |l 1 |o 372.86 GAM 2015 |p 5464714 |r 2023-05-26 |s 2023-05-23 |w 2019-11-24 |y BK |z Catalogado en:20180413 |k EDI | ||
| 952 | |0 0 |1 0 |3 erb |4 0 |6 372_860000000000000_GAM_2015 |7 0 |8 A |9 476411 |a BIBEDU |b BIBEDU |i 5464706 |l 1 |o 372.86 GAM 2015 |p 5464706 |r 2023-05-26 |s 2023-05-23 |w 2019-11-24 |y BK |z Catalogado en:20180413 |k EDI | ||